Musical anagrams of bands - Statistics

General Stats
  • This quiz has been taken 38 times
  • The average score is 4 of 15
Answer Stats
Anagram Band % Correct
Sexist slop Sex Pistols
87%
The Eels tab The Beatles
87%
Moaners Ramones
65%
Eight rolls sonnet The Rolling Stones
42%
Shaken pumping Smiths The Smashing Pumpkins
42%
Verve note held drug nut The Velvet Underground
29%
Had roadie Radiohead
19%
Math Edge Megadeth
16%
Fee hen quotes onstage Queens of the Stone Age
16%
Nurse's song Guns N' Roses
10%
Mad hooter Motorhead
6%
Touch noisy Sonic Youth
6%
Slim sad vine note Miles Davis Nonet
0%
Bloated vinyl money My Bloody Valentine
0%
The bossy pop Pet Shop Boys
0%
No matching quizzes found
Score Distribution
Percent of People with Each Score
Percentile by Number Answered
Your Score History
You have not taken this quiz